000 00317nam a22001337a 4500
003 SGT
020 _a978-81-909385-5-6
082 _a66.89
_bE15R
245 _aENVIRONMENTAL HYGIENE AND COMMUNICATION SKILLS
260 _aJALANDHAR
_bS.VIKAS & COMPANY
_c2015
300 _a263
650 _aPHARMACY
942 _2ddc
_cBK
999 _c11169
_d11169